[Event "Bashkortostan-ch"]
[Site "Tuimazy"]
[Date "2020.02.12"]
[Round "11"]
[White "Akhmetshin, Ilgiz"]
[Black "Bigalin, Ilnar"]
[Result "0-1"]
[WhiteElo "1434"]
[BlackElo "1827"]
[PlyCount "108"]
[EventDate "2020.01.26"]
[EventType "tourn"]
[EventRounds "11"]
[EventCountry "RUS"]
[SourceTitle "CBM 195 Extra"]
[Source "ChessBase"]
[SourceDate "2020.05.31"]
[SourceVersion "1"]
[SourceVersionDate "2020.05.31"]
[SourceQuality "1"]

1. d4 f5 2. Bf4 Nf6 3. e3 g6 4. c4 Bg7 5. Nc3 0-0 6. Nf3 d6 7. Qb3 Kh8 8. Bd3 Nbd7 9. h4 Qe8 10. Nb5 Qd8 11. Ng5 Nb6 12. 0-0-0 h6 13. Nh3 Be6 14. Bg3 c6 15. Nc3 Bf7 16. Nf4 e5 17. dxe5 dxe5 18. Be2 Qe7 19. Nh3 Qc5 20. Na4 Nxa4 21. Qxa4 b5 22. Qa3 b4 23. Qa6 Ne4 24. Bh2 Nxf2 25. Nxf2 Qxe3+ 26. Rd2 Qxf2 27. Bd1 Qe3 28. Bg1 Qf4 29. Bc5 Bxc4 30. Qa5 Rfd8 31. Bxb4 Rd5 32. Qa3 c5 33. Ba5 h5 34. g3 Qh6 35. Rhh2 e4 36. Kb1 Bd3+ 37. Bc2 c4 38. Bxd3 cxd3 39. Qb3 Rxa5 40. Qb4 Qe3 41. a3 Ra6 42. Qb7 Qg1+ 43. Ka2 Rb6 44. Qxa8+ Kh7 45. Qc8 Qd4 46. b4 Qa1+ 47. Kb3 Qb1+ 48. Ka4 e3 49. Ra2 Qd1+ 50. Ka5 e2 51. Rf2 e1Q 52. Rxf5 gxf5 53. Qxf5+ Rg6 54. Rf2 Qe3 0-1